Champions du monde de F1 par année - Statistiques

Statistiques générales
  • Ce quiz a été pris 4 987 fois
  • Le résultat moyen est 40 sur 74
Statistiques - réponses
Hint Réponse % Correct
2023 Max Verstappen
81%
2022 Max Verstappen
77%
2019 Lewis Hamilton
76%
2020 Lewis Hamilton
76%
2021 Max Verstappen
76%
2014 Lewis Hamilton
75%
2015 Lewis Hamilton
75%
2017 Lewis Hamilton
75%
2018 Lewis Hamilton
75%
2011 Sebastian Vettel
74%
2012 Sebastian Vettel
74%
2010 Sebastian Vettel
73%
2013 Sebastian Vettel
73%
2016 Nico Rosberg
72%
2005 Fernando Alonso
71%
2006 Fernando Alonso
71%
2008 Lewis Hamilton
71%
1951 Juan Manuel Fangio
69%
2000 Michael Schumacher
69%
2001 Michael Schumacher
69%
2002 Michael Schumacher
69%
2003 Michael Schumacher
69%
2004 Michael Schumacher
69%
1950 Giuseppe Farina
67%
2009 Jenson Button
66%
1954 Juan Manuel Fangio
65%
1955 Juan Manuel Fangio
64%
1956 Juan Manuel Fangio
64%
1990 Ayrton Senna
63%
1991 Ayrton Senna
62%
2007 Kimi Räikkonen
62%
1989 Alain Prost
61%
1952 Alberto Ascari
61%
1957 Juan Manuel Fangio
61%
1953 Alberto Ascari
60%
1988 Ayrton Senna
60%
1994 Michael Schumacher
60%
1995 Michael Schumacher
60%
1993 Alain Prost
59%
1997 Jacques Villeneuve
59%
1999 Mika Häkkinen
57%
1998 Mika Häkkinen
55%
1986 Alain Prost
52%
1996 Damon Hill
52%
1985 Alain Prost
49%
1992 Nigel Mansell
49%
1987 Nelson Piquet
46%
1984 Niki Lauda
44%
1977 Niki Lauda
43%
1976 James Hunt
42%
1958 Mike Hawthorn
41%
1975 Niki Lauda
41%
1982 Keke Rosberg
40%
1983 Nelson Piquet
40%
1962 Graham Hill
37%
1959 Jack Brabham
37%
1981 Nelson Piquet
37%
1961 Phil Hill
37%
1960 Jack Brabham
36%
1980 Alan Jones
34%
1963 Jim Clark
34%
1965 Jim Clark
33%
1970 Jochen Rindt
33%
1978 Michael Andretti
33%
1972 Emerson Fittipaldi
32%
1974 Emerson Fittipaldi
32%
1969 Jackie Stewart
32%
1971 Jackie Stewart
32%
1973 Jackie Stewart
31%
1964 John Surtees
31%
1968 Graham Hill
30%
1966 Jack Brabham
30%
1967 Denny Hulme
29%
1979 Jody Scheckter
29%
Aucun quiz correspondant
Distribution des résultats
% des personnes avec chaque résultat
Percentile par nombre de réponses
Votre historique - résultats
Vous n’avez pas pris ce quiz